| 000 | 00672nam a22001577a 4500 | ||
|---|---|---|---|
| 008 | 150430b xxu||||| |||| 00| 0 eng d | ||
| 020 | _a9977473617 | ||
| 082 |
_a779.092 _bF 981m |
||
| 100 |
_aGarcia Kilroy, Catiana; Arias Valverde, Alexander y Rodriguez Herrera, Adolfo (editores) _92555 |
||
| 110 |
_aFundavinculo _92556 |
||
| 245 |
_aMiradas del Sur _bSouthern Views |
||
| 260 |
_aCosta Rica _bFundavinculo Ediciones _c2006 |
||
| 300 |
_a145 p. _bill. _c24x21.5 |
||
| 650 |
_xFotografia _xArte _xColecciones _xFotografos individuales _xTaller fotografico experimental _92557 |
||
| 700 |
_a Catiana Garcia Kilroy, Alexander Arias Valverde y Adolfo Rodriguez Herrera (editores) _92558 |
||
| 999 |
_c562 _d562 |
||